[Event "HUN-chT2 Barcza 1415"]
[Site "Hungary"]
[Date "2015.03.14"]
[Round "?"]
[White "Kiss, Pal"]
[Black "Hajbok, Robert"]
[Result "1/2-1/2"]
[WhiteElo "2319"]
[BlackElo "2337"]
[PlyCount "44"]
[EventDate "2014.09.07"]
[EventType "team-tourn"]
[EventRounds "11"]
[EventCountry "HUN"]
[SourceTitle "EXT 2016"]
[Source "ChessBase"]
[SourceDate "2015.10.08"]
[SourceVersion "1"]
[SourceVersionDate "2015.10.08"]
[SourceQuality "1"]
[WhiteTeam "Sajobabony"]
[BlackTeam "Nyiregyhaza"]
[WhiteTeamCountry "HUN"]
[BlackTeamCountry "HUN"]

1. d4 Nf6 2. c4 e6 3. Nf3 b6 4. g3 Ba6 5. b3 b5 6. cxb5 Bxb5 7. Bg2 Bb4+ 8. Bd2 a5 9. 0-0 0-0 10. Ne5 Nd5 11. a3 Bxd2 12. Qxd2 d6 13. Nd3 Nd7 14. Nc3 Nxc3 15. Qxc3 Ra7 16. Rfc1 Bxd3 17. Qxd3 c5 18. Rd1 Qb8 19. dxc5 Nxc5 20. Qxd6 Nxb3 21. Qxb8 Rxb8 22. Rab1 Kf8 1/2-1/2

[Event "Universiad Men 27th"]
[Site "Kazan"]
[Date "2013.07.11"]
[Round "4"]
[White "Zulkifli, Muhd Syazwan"]
[Black "Hajbok, Robert"]
[Result "1-0"]
[WhiteElo "2063"]
[BlackElo "2367"]
[PlyCount "93"]
[EventDate "2013.07.09"]
[EventType "swiss"]
[EventRounds "9"]
[EventCountry "RUS"]
[SourceTitle "EXT 2014"]
[Source "ChessBase"]
[SourceDate "2013.11.20"]
[SourceVersion "1"]
[SourceVersionDate "2013.11.20"]
[SourceQuality "1"]

1. d4 Nf6 2. Nf3 c5 3. d5 e6 4. c4 exd5 5. cxd5 d6 6. Nc3 g6 7. g3 Bg7 8. Bg2 0-0 9. 0-0 Re8 10. Nd2 a6 11. a4 Nbd7 12. h3 Nh5 13. e4 Ne5 14. Qe2 f5 15. Nc4 Nxc4 16. Qxc4 b5 17. Qd3 b4 18. Ne2 fxe4 19. Qc2 Qd7 20. g4 Nf6 21. Ng3 Bb7 22. Nxe4 Nxe4 23. Bxe4 Qf7 24. Rd1 Bd4 25. Be3 Rxe4 26. Qxe4 Re8 27. Qf4 Qxd5 28. Qh2 Rxe3 29. fxe3 Bxe3+ 30. Kf1 Qf3+ 31. Ke1 Bd5 32. Rxd5 Qxd5 33. Rd1 Bd4 34. Qe2 Qg5 35. Rd3 Qc1+ 36. Rd1 Qg5 37. Rd3 Kg7 38. Kd1 a5 39. Rf3 Be5 40. b3 d5 41. h4 Qe7 42. Re3 Kf6 43. g5+ Kf5 44. Rf3+ Ke6 45. Rf6+ Kd7 46. Qb5+ Kd8 47. Qxa5+ 1-0

[Event "Universiad Men 27th"]
[Site "Kazan"]
[Date "2013.07.09"]
[Round "1"]
[White "Hajbok, Robert"]
[Black "Matlakov, Maxim"]
[Result "0-1"]
[WhiteElo "2367"]
[BlackElo "2665"]
[PlyCount "102"]
[EventDate "2013.07.09"]
[EventType "swiss"]
[EventRounds "9"]
[EventCountry "RUS"]
[SourceTitle "CBM 155 Extra"]
[Source "ChessBase"]
[SourceDate "2013.08.26"]
[SourceVersion "1"]
[SourceVersionDate "2013.08.26"]
[SourceQuality "1"]

1. e4 c6 2. d4 d5 3. Nc3 dxe4 4. Nxe4 Bf5 5. Ng3 Bg6 6. Nh3 e6 7. Nf4 Nf6 8. h4 Bd6 9. h5 Bf5 10. Nxf5 exf5 11. Be2 Nbd7 12. Qd3 Ne4 13. f3 Qa5+ 14. c3 Ng3 15. Rh3 Nxe2 16. Nxe2 0-0 17. Bf4 Bxf4 18. Nxf4 Nf6 19. 0-0-0 Qxa2 20. Qxf5 h6 21. g4 Nh7 22. Rhh1 a5 23. Rhe1 a4 24. Qb1 Qb3 25. Qc2 Qb6 26. Kb1 Ng5 27. Re3 Qc7 28. Nd3 a3 29. b3 a2+ 30. Ka1 Rfe8 31. Rde1 Rxe3 32. Rxe3 Qg3 33. Qf2 Qd6 34. Re2 Qd5 35. Rxa2 Re8 36. f4 Qh1+ 37. Kb2 Ne4 38. Qc2 Qf3 39. Ra1 Nd6 40. Ne5 Qxf4 41. Qg2 f6 42. Rf1 Qe3 43. Nc4 Qd3 44. Rf2 Nxc4+ 45. bxc4 Qxc4 46. Qf3 Ra8 47. Rc2 Qb5+ 48. Kc1 Ra1+ 49. Kd2 Rg1 50. Qe4 Qg5+ 51. Kd3 Rg3+ 0-1

[Event "Ciocaltea Memorial 30th"]
[Site "Bucharest"]
[Date "2013.03.15"]
[Round "1"]
[White "Hajbok, Robert"]
[Black "Vedmediuc, Serghei"]
[Result "1/2-1/2"]
[WhiteElo "2339"]
[BlackElo "2476"]
[PlyCount "38"]
[EventDate "2013.03.15"]
[EventType "tourn"]
[EventRounds "11"]
[EventCountry "ROU"]
[EventCategory "8"]
[SourceTitle "CBM 153 Extra"]
[Source "ChessBase"]
[SourceDate "2013.04.22"]
[SourceVersion "1"]
[SourceVersionDate "2013.04.22"]
[SourceQuality "1"]

1. e4 g6 2. d4 Bg7 3. Nc3 c6 4. f4 d5 5. e5 Nh6 6. Nf3 0-0 7. Be3 Qb6 8. Na4 Qa5+ 9. c3 Bg4 10. Be2 Nd7 11. b4 Qc7 12. 0-0 f6 13. h3 Bxf3 14. Bxf3 Nf5 15. Bf2 Bh6 16. g3 fxe5 17. fxe5 b5 18. Nc5 Nxc5 19. bxc5 Be3 1/2-1/2

[Event "HUN-chT2 Maroczy 1213"]
[Site "Hungary"]
[Date "2012.10.07"]
[Round "2"]
[White "Hajbok, Robert"]
[Black "Gelle, Istvan"]
[Result "1/2-1/2"]
[WhiteElo "2299"]
[BlackElo "2335"]
[PlyCount "70"]
[EventDate "2012.09.16"]
[EventType "team-tourn"]
[EventRounds "11"]
[EventCountry "HUN"]
[SourceTitle "EXT 2014"]
[Source "ChessBase"]
[SourceDate "2013.11.20"]
[SourceVersion "1"]
[SourceVersionDate "2013.11.20"]
[SourceQuality "1"]
[WhiteTeam "Kisvarda"]
[BlackTeam "Hobagoly"]
[WhiteTeamCountry "HUN"]
[BlackTeamCountry "HUN"]

1. e4 c6 2. d4 d5 3. Nc3 dxe4 4. Nxe4 Bf5 5. Nc5 Qc7 6. Bd3 Bxd3 7. Nxd3 e6 8. Nf3 Nf6 9. 0-0 Nbd7 10. c4 Be7 11. Re1 0-0 12. Qe2 a5 13. Bf4 Qb6 14. Rad1 a4 15. Nde5 Bb4 16. Bd2 Bxd2 17. Rxd2 h6 18. Red1 Qa6 19. Nxd7 Nxd7 20. d5 cxd5 21. cxd5 Qxe2 22. Rxe2 Nc5 23. g3 Rfd8 24. Red2 Kf8 25. dxe6 Nxe6 26. Nd4 Nxd4 27. Rxd4 Rxd4 28. Rxd4 a3 29. b3 b5 30. Rd5 b4 31. Kf1 Rc8 32. Ke2 Rc2+ 33. Rd2 Rc1 34. Rd1 Rc2+ 35. Rd2 Rc1 1/2-1/2

[Event "ROM-chT"]
[Site "Mamaia"]
[Date "2012.09.24"]
[Round "3.6"]
[White "Petrisor, Adrian Marian"]
[Black "Hajbok, Robert"]
[Result "1/2-1/2"]
[WhiteElo "2381"]
[BlackElo "2299"]
[PlyCount "133"]
[EventDate "2012.09.22"]
[EventType "tourn"]
[EventRounds "9"]
[EventCountry "ROU"]
[SourceTitle "CBM 150 Extra"]
[Source "ChessBase"]
[SourceDate "2012.10.19"]
[SourceVersion "1"]
[SourceVersionDate "2012.10.19"]
[SourceQuality "1"]
[WhiteTeam "Timisoara Medicina"]
[BlackTeam "Baia Mare"]
[WhiteTeamCountry "ROU"]
[BlackTeamCountry "ROU"]

1. e4 d5 2. exd5 Qxd5 3. Nc3 Qd8 4. d4 Nf6 5. Bc4 e6 6. Nf3 Be7 7. 0-0 0-0 8. Qe2 Nbd7 9. Rd1 Nb6 10. Bb3 a5 11. a3 a4 12. Ba2 Nbd5 13. Ne4 Nxe4 14. Qxe4 b5 15. Ne5 Bb7 16. Rd3 Rb8 17. Rh3 g6 18. Bxd5 Bxd5 19. Qe3 h5 20. g4 Bb7 21. gxh5 Qd5 22. f3 g5 23. Rg3 f6 24. Ng6 Bd6 25. Nxf8 Bxg3 26. hxg3 Rxf8 27. Kf2 g4 28. Bd2 Kf7 29. Qf4 Qxf3+ 30. Qxf3 Bxf3 31. Rc1 Rd8 32. Ke3 Rh8 33. c4 Rxh5 34. cxb5 Rxb5 35. Rxc7+ Kg6 36. Bb4 Rh5 37. Bf8 Kf5 38. Rc5+ Bd5 39. Ra5 Rh2 40. Rxa4 Rxb2 41. Rb4 Rc2 42. Bd6 Rc3+ 43. Kf2 Rxa3 44. Rb8 Rd3 45. Rf8 Rf3+ 46. Ke2 Ke4 47. Bf4 f5 48. Be5 Ra3 49. Rc8 Ra2+ 50. Ke1 Kf3 51. Rc3+ Kg2 52. Re3 Ra1+ 53. Kd2 Be4 54. Bf4 Kf1 55. Kc3 Rc1+ 56. Kb4 Bd5 57. Rc3 Rb1+ 58. Kc5 Kg2 59. Kd6 Rf1 60. Ke5 Rf3 61. Rc2+ Kh3 62. Re2 Rf1 63. Re3 Rf2 64. Re1 Rb2 65. Re3 Rb5 66. Kf6 Rb6 67. Ke5 1/2-1/2

[Event "ROM-chT"]
[Site "Mamaia"]
[Date "2012.09.22"]
[Round "1.6"]
[White "Hajbok, Robert"]
[Black "Bida, Mihai Eugen"]
[Result "1-0"]
[WhiteElo "2299"]
[BlackElo "2195"]
[PlyCount "67"]
[EventDate "2012.09.22"]
[EventType "tourn"]
[EventRounds "9"]
[EventCountry "ROU"]
[SourceTitle "CBM 150 Extra"]
[Source "ChessBase"]
[SourceDate "2012.10.19"]
[SourceVersion "1"]
[SourceVersionDate "2012.10.19"]
[SourceQuality "1"]
[WhiteTeam "Baia Mare"]
[BlackTeam "Lugoj CSM"]
[WhiteTeamCountry "ROU"]
[BlackTeamCountry "ROU"]

1. e4 c5 2. Nf3 d6 3. d4 cxd4 4. Nxd4 Nf6 5. Nc3 a6 6. Bg5 e6 7. Qd2 h6 8. Bxf6 Qxf6 9. 0-0-0 Nc6 10. Nb3 Qd8 11. f4 Bd7 12. Be2 Qb6 13. Bg4 0-0-0 14. Rhe1 Na5 15. Nxa5 Qxa5 16. Kb1 Kb8 17. Bh3 Be7 18. Qd4 Rhg8 19. f5 Bc8 20. fxe6 fxe6 21. e5 dxe5 22. Qg4 Bf6 23. Ne4 Rxd1+ 24. Rxd1 Rd8 25. a3 Rxd1+ 26. Qxd1 Qd5 27. Qe1 Bd7 28. Bg4 Bc6 29. Bf3 Qd4 30. h3 Bd8 31. Nd2 Ba5 32. b4 Bc7 33. Bxc6 bxc6 34. Ne4 1-0